Statistics for Every The Fleetwoods song that hit the Billboard hot 100

Click here to take the quiz!

General Stats

  • This quiz has been taken 3 times
  • The average score is 5 of 11

Answer Stats

Peak Chart PositionYearSong% Correct
11959Mr. Blue
100%
11959Come Softly To Me
100%
231960Runaround
100%
101961Tragedy
67%
281960Outside My Window
33%
301961(He's) The Great Impostor
33%
361962Lovers By Night, Strangers By Day
33%
391959Graduation's Here
33%
841959You Mean Everything To Me
33%
321963Goodnight My Love
0%
961960The Last One To Know
0%

Score Distribution

Percentile by Number Answered

Percent of People with Each Score

Your Score History

You have not taken this quiz